MY FIRST BOOK OF DINOSAURS / (Record no. 198744)
[ view plain ]
| 000 -LEADER | |
|---|---|
| fixed length control field | 01316aam a2200361 i 4500 |
| 001 - CONTROL NUMBER | |
| control field | vtls001025994 |
| 003 - CONTROL NUMBER IDENTIFIER | |
| control field | PNM |
| 005 - DATE AND TIME OF LATEST TRANSACTION | |
| control field | 20250203160205.0 |
| 008 - FIXED-LENGTH DATA ELEMENTS--GENERAL INFORMATION | |
| fixed length control field | 241226t20242024xxka j 001 0 eng d |
| 020 ## - INTERNATIONAL STANDARD BOOK NUMBER | |
| International Standard Book Number | 9781915461155 |
| Qualifying information | hardback |
| Terms of availability | RM86.00 |
| 039 #9 - LEVEL OF BIBLIOGRAPHIC CONTROL AND CODING DETAIL [OBSOLETE] | |
| Level of rules in bibliographic description | 202501231547 |
| Level of effort used to assign nonsubject heading access points | athirah |
| Level of effort used to assign subject headings | 202501231512 |
| Level of effort used to assign classification | athirah |
| Level of effort used to assign subject headings | 202501131018 |
| Level of effort used to assign classification | masliza |
| Level of effort used to assign subject headings | 202501081020 |
| Level of effort used to assign classification | masliza |
| 040 ## - CATALOGING SOURCE | |
| Original cataloging agency | PNM |
| Language of cataloging | eng |
| Transcribing agency | PNM |
| Modifying agency | PPAK |
| Description conventions | rda |
| 049 ## - LOCAL HOLDINGS (OCLC) | |
| Holding library | klp |
| 082 04 - DEWEY DECIMAL CLASSIFICATION NUMBER | |
| Classification number | 567.9 |
| Edition number | 23 |
| 090 10 - LOCALLY ASSIGNED LC-TYPE CALL NUMBER (OCLC); LOCAL CALL NUMBER (RLIN) | |
| Classification number (OCLC) (R) ; Classification number, CALL (RLIN) (NR) | 567.9 |
| Feature heading | GRI |
| Feature heading | K |
| 100 1# - MAIN ENTRY--PERSONAL NAME | |
| Personal name | Griffin, Annabel, |
| Relator term | author. |
| 245 10 - TITLE STATEMENT | |
| Title | MY FIRST BOOK OF DINOSAURS / |
| Statement of responsibility, etc. | WRITTEN BY ANNABEL GRIFFIN ; ILLUSTRATED BY ANDREA CASTRO NARANJO ; Editor: Holly Thornton |
| 264 #1 - PRODUCTION, PUBLICATION, DISTRIBUTION, MANUFACTURE, AND COPYRIGHT NOTICE | |
| Place of production, publication, distribution, manufacture | Cornwall, UK : |
| Name of producer, publisher, distributor, manufacturer | Beetle Books in an imprint of Hungry Tomato, |
| Date of production, publication, distribution, manufacture, or copyright notice | 2024 |
| Date of production, publication, distribution, manufacture, or copyright notice | ©2024 |
| 300 ## - PHYSICAL DESCRIPTION | |
| Extent | 45 pages : |
| Other physical details | colour illustrations ; |
| Dimensions | 31 cm |
| 336 ## - CONTENT TYPE | |
| Content type term | text |
| Source | rdacontent |
| 337 ## - MEDIA TYPE | |
| Media type term | unmediated |
| Source | rdamedia |
| 338 ## - CARRIER TYPE | |
| Carrier type term | volume |
| Source | rdacarrier |
| 500 ## - GENERAL NOTE | |
| General note | Includes index |
| 650 10 - SUBJECT ADDED ENTRY--TOPICAL TERM | |
| Topical term or geographic name entry element | Dinosaurs |
| Form subdivision | Juvenile literature |
| Topical term or geographic name entry element | Picture books for children |
| 700 1# - ADDED ENTRY--PERSONAL NAME | |
| Personal name | Castro, Andrea, |
| Dates associated with a name | 1990- |
| Relator term | illustrator. |
| Personal name | Thornton, Holly, |
| Relator term | editor. |
| 942 ## - ADDED ENTRY ELEMENTS (KOHA) | |
| Source of classification or shelving scheme | Dewey Decimal Classification |
| Koha item type | Book |
| 949 ## - LOCAL PROCESSING INFORMATION (OCLC) | |
| 6 | 1001483265 |
| e | 2906988 |
| s | 3712:20241230 |
| 6 | 1001483266 |
| e | 2906987 |
| s | 3712:20241230 |
| 6 | 1001483267 |
| e | 2906986 |
| s | 3712:20241230 |
| Withdrawn | Not for loan | Current library | Shelving location | Date acquired | Total Checkouts | Total Renewals | Full call number | Barcode | Checked out | Date last seen | Date last checked out | Koha item type |
|---|---|---|---|---|---|---|---|---|---|---|---|---|
| Perpustakaan Alor Setar | Pinjaman Kanak-kanak | 23/02/2025 | 8 | 3 | K 567.9 GRI | A01864356 | 06/07/2026 | 15/06/2026 | 15/06/2026 | Book | ||
| Perpustakaan Awam Sungai Petani | Pinjaman Kanak-kanak | 23/02/2025 | 8 | 1 | K 567.9 GRI | A01864357 | 13/06/2026 | 23/05/2026 | Book | |||
| Perpustakaan Baling | Pinjaman Kanak-kanak | 23/02/2025 | 2 | K 567.9 GRI | A01864359 | 06/05/2026 | 15/04/2026 | 15/04/2026 | Book | |||
| Perpustakaan Kulim | Pinjaman Kanak-kanak | 23/02/2025 | 5 | 2 | K 567.9 GRI | A01864358 | 23/06/2026 | 12/05/2026 | 12/05/2026 | Book |